Movies Quiz

Random Movies or Disney Quiz

Eye Spy Disney Quiz Stats

Quiz Updated Dec 10, 2012

Also try: Disney Animals
Challenge
Share
Tweet
Score 0/30 Timer 07:00
1 Play Today
Number Character % Correct
2.Dumbo
85.5%
27.Mulan
81.9%
29.Winnie the Pooh
72.5%
22.Scar
72.1%
14.Jafar
66.5%
1.Belle
66.4%
25.Simba
66.3%
30.Ursula
54.7%
16.Rapunzel
47%
11.Jasmine
46.8%
10.Bolt
43.7%
3.Meeko
41.4%
26.Yzma
40.2%
5.Alice
39.1%
21.Pocahontas
38.3%
Number Character % Correct
17.Flower
36.7%
24.Kuzco (Llama Form)
32.2%
13.Beast (Human Form)
29.1%
15.Tiana
27.4%
7.Aurora
23.3%
4.Maleficent
23.1%
18.Sir Hiss
20.8%
19.Esmeralda
19.9%
23.Lady Tremaine
19.3%
8.Aladdin
17.4%
28.Pinocchio
16.4%
6.Charlotte La Bouff
13.2%
9.Captain Hook
3.9%
12.The Evil Queen
3.9%
20.Milo Thatch
2.7%

You're not logged in!

Compare scores with friends on all Sporcle quizzes.
Sign Up with Email
OR
Log In

You Might Also Like...

Show Comments

Extras

Top Quizzes Today


Score Distribution

Your Account Isn't Verified!

In order to create a playlist on Sporcle, you need to verify the email address you used during registration. Go to your Sporcle Settings to finish the process.